000 00410nam a2200133Ia 4500
008 100328s9999 xx 000 0 und d
082 _b56521
100 _aसमेळ अशोक
245 _aकुसुम मनोहर लेले
260 _bसमााी
630 _aकुसुम मनोहर लेले
730 _aकुसुम मनोहर लेले
942 _cBOOK
999 _c543068
_d543065